Sesterský neurologický assessment

Bibliographic Details
Main Authors: Kollárová, Beáta (Author), Požonská, Martina (Author)
Format: Article
Language:Slovak

MARC

LEADER 00000nab a2200000ua 4500
001 vtls010830924
003 SK-MaSNL
005 20260303144524.0
008 230222s2004 xo |||||||||||||||||slo|
035 |a (urnnbn)urn:nbn:sk:snk:ar-a06hl3 
035 |a urn:nbn:sk:snk-ab5vxn 
035 |a (uuid)76ba3a0f-3224-44b0-9510-929232bd9d9e 
040 |a SNKBUCL  |b slo  |c SNKBUCL  |e AACR2 
041 0 |a slo 
044 |a xo  |c SK 
100 1 |a Kollárová, Beáta  |4 aut  |9 71168 
245 1 0 |a Sesterský neurologický assessment  |c Beáta Kollárová, Martina Požonská 
700 1 |a Požonská, Martina  |4 aut  |9 71169 
773 0 |t Sestra : odborný mesačník pre ošetrovateľstvo  |g Roč. 3, č. 12 (2004), s. 20-21 
954 |a odborná, vedecká literatúra pôvodná (slovenská)  |2 lita 
958 |a OND 
958 |a EUIPO 
958 |a article5 
999 |c 1997696  |d 1999626